[Event "44th Chess Olympiad Women 2022"]
[Site "Chennai"]
[Date "2022.08.01"]
[Round "4.10"]
[White "Andric, Jelena"]
[Black "Forgas Moreno, Yaniela"]
[Result "0-1"]
[WhiteElo "1993"]
[BlackElo "2343"]
[Annotator "RC"]
[PlyCount "72"]
[EventDate "2022.07.29"]
[EventType "team-tourn"]
[EventCountry "IND"]
[SourceTitle "playchess.com"]
[Source "ChessBase"]
[SourceQuality "1"]
[WhiteTeam "Sweden"]
[BlackTeam "Cuba"]
[WhiteTeamCountry "SWE"]
[BlackTeamCountry "CUB"]

1. d4 f5 2. g3 Nf6 3. Bg2 d6 4. Nh3 g6 5. Nf4 c6 6. h4 Qc7 7. c3 e5 8. dxe5
dxe5 9. Nd3 Be6 10. O-O Nbd7 11. Qc2 Be7 12. Nd2 O-O 13. Nb3 Ng4 14. Bg5 Bd6
15. c4 Rf7 16. Rac1 Re8 17. f3 Ngf6 18. c5 Bf8 19. e4 Nh5 20. exf5 gxf5 21. Qf2
f4 22. gxf4 h6 23. fxe5 hxg5 24. Rce1 Bxb3 25. axb3 Nxe5 26. Qe3 Nxf3+ 27. Rxf3
Rxe3 28. Rfxe3 Nf4 29. hxg5 Nxd3 30. Rxd3 Bxc5+ 31. Kh1 Qf4 32. Rh3 Rh7 33.
Re8+ Kg7 34. Rxh7+ Kxh7 35. Be4+ Kg7 36. g6 Qf2 0-1

[Event "44th Chess Olympiad Women 2022"]
[Site "Chennai"]
[Date "2022.08.01"]
[Round "4.11"]
[White "Yip, Carissa"]
[Black "Zhang, Jilin"]
[Result "1-0"]
[WhiteElo "2416"]
[BlackElo "2212"]
[Annotator "RC"]
[PlyCount "204"]
[EventDate "2022.07.29"]
[EventType "team-tourn"]
[EventCountry "IND"]
[SourceTitle "playchess.com"]
[Source "ChessBase"]
[SourceQuality "1"]
[WhiteTeam "United States"]
[BlackTeam "Australia"]
[WhiteTeamCountry "USA"]
[BlackTeamCountry "AUS"]

1. e4 c5 2. Nf3 d6 3. d4 cxd4 4. Nxd4 Nf6 5. Nc3 e5 6. Bb5+ Nbd7 7. Nf5 a6 8.
Bxd7+ Qxd7 9. Bg5 Nxe4 10. Nxg7+ Bxg7 11. Nxe4 O-O 12. Qxd6 f6 13. Bd2 f5 14.
Qxd7 Bxd7 15. Nc5 Bc6 16. Bc3 Kf7 17. O-O-O Rad8 18. f3 Rxd1+ 19. Rxd1 Re8 20.
Re1 Bh6+ 21. Bd2 Bf8 22. Nb3 Bd6 23. Be3 Bc7 24. c4 Kf6 25. Bd2 Bb6 26. Ba5 Bf2
27. Rf1 Be3+ 28. Bd2 Bb6 29. Bc3 f4 30. Re1 Kf5 31. c5 Ba7 32. Na5 Bxc5 33.
Nxc6 bxc6 34. Re4 Be3+ 35. Kc2 c5 36. g3 fxg3 37. hxg3 Bd4 38. g4+ Kg5 39. Bxd4
cxd4 40. Kd3 Kh4 41. f4 Kxg4 42. fxe5+ Kf5 43. Kxd4 Rd8+ 44. Ke3 Re8 45. Rf4+
Kg5 46. Ke4 h5 47. Rf1 h4 48. Rg1+ Kh5 49. Kd5 Rd8+ 50. Kc6 Rd2 51. e6 Rc2+ 52.
Kd7 Rd2+ 53. Kc7 Rc2+ 54. Kd6 Rd2+ 55. Ke5 Re2+ 56. Kf6 Rf2+ 57. Kg7 Re2 58.
Kf7 Rf2+ 59. Ke8 Rxb2 60. Ra1 h3 61. e7 h2 62. Rf1 Rxa2 63. Kf7 Re2 64. Rh1 Kg4
65. Rxh2 Rxh2 66. e8=Q Rf2+ 67. Kg6 Rf4 68. Qc8+ Kf3 69. Qxa6 Kg4 70. Qe6+ Kf3
71. Kg5 Re4 72. Qh3+ Ke2 73. Kf5 Re3 74. Qg2+ Kd3 75. Kf4 Re2 76. Qd5+ Kc3 77.
Kf3 Rd2 78. Qe5+ Kc4 79. Ke3 Rd5 80. Qb2 Kc5 81. Ke4 Rd7 82. Qa3+ Kc6 83. Ke5
Kb5 84. Qc3 Kb6 85. Qb4+ Kc6 86. Ke6 Rc7 87. Qa4+ Kc5 88. Qa5+ Kc6 89. Qd5+ Kb6
90. Kd6 Rb7 91. Qc6+ Ka7 92. Kc5 Rb8 93. Qc7+ Ka8 94. Qa5+ Kb7 95. Kd6 Rc8 96.
Kd7 Rb8 97. Qe5 Ka7 98. Kc7 Rb7+ 99. Kc6 Rb6+ 100. Kc5 Rb7 101. Qa1+ Kb8 102.
Qa5 Rc7+ 1-0

[Event "44th Chess Olympiad Women 2022"]
[Site "Chennai"]
[Date "2022.08.01"]
[Round "4.11"]
[White "Ryjanova, Julia"]
[Black "Tokhirjonova, Gulrukhbegim"]
[Result "*"]
[WhiteElo "2284"]
[BlackElo "2329"]
[Annotator "RC"]
[PlyCount "45"]
[EventDate "2022.07.29"]
[EventType "team-tourn"]
[EventCountry "IND"]
[SourceTitle "playchess.com"]
[Source "ChessBase"]
[SourceQuality "1"]
[WhiteTeam "Australia"]
[BlackTeam "United States"]
[WhiteTeamCountry "AUS"]
[BlackTeamCountry "USA"]

1. d4 Nf6 2. c4 g6 3. g3 Bg7 4. Bg2 d5 5. cxd5 Nxd5 6. e4 Nb6 7. Ne2 O-O 8. O-O
Nc6 9. d5 Ne5 10. Nbc3 c6 11. Bf4 cxd5 12. exd5 Nec4 13. b3 Nd6 14. Rc1 a6 15.
Qd2 Bd7 16. Rfe1 Rc8 17. Nd4 Re8 18. h3 h5 19. Bg5 Nf5 20. Nce2 Rxc1 21. Rxc1
Be5 22. Nxf5 Bxf5 23. Nd4 *

[Event "44th Chess Olympiad Women 2022"]
[Site "Chennai"]
[Date "2022.08.01"]
[Round "4.11"]
[White "Ryjanova, Julia"]
[Black "Tokhirjonova, Gulrukhbegim"]
[Result "1/2-1/2"]
[WhiteElo "2284"]
[BlackElo "2329"]
[Annotator "RC"]
[PlyCount "67"]
[EventDate "2022.07.29"]
[EventType "team-tourn"]
[EventCountry "IND"]
[SourceTitle "playchess.com"]
[Source "ChessBase"]
[SourceQuality "1"]
[WhiteTeam "Australia"]
[BlackTeam "United States"]
[WhiteTeamCountry "AUS"]
[BlackTeamCountry "USA"]

1. d4 Nf6 2. c4 g6 3. g3 Bg7 4. Bg2 d5 5. cxd5 Nxd5 6. e4 Nb6 7. Ne2 O-O 8. O-O
Nc6 9. d5 Ne5 10. Nbc3 c6 11. Bf4 cxd5 12. exd5 Nec4 13. b3 Nd6 14. Rc1 a6 15.
Qd2 Bd7 16. Rfe1 Rc8 17. Nd4 Re8 18. h3 h5 19. Bg5 Nf5 20. Nce2 Rxc1 21. Rxc1
Be5 22. Nxf5 Bxf5 23. Nd4 Bc8 24. Ne2 Qd6 25. Be3 Nd7 26. Nc3 Qb4 27. Ne4 Qxd2
28. Nxd2 b5 29. Nf3 Bd6 30. Nd4 Nf6 31. Nc6 Bd7 32. Bd4 Rc8 33. Bb2 Kf8 34. h4
1/2-1/2

[Event "44th Chess Olympiad Women 2022"]
[Site "Chennai"]
[Date "2022.08.01"]
[Round "4.11"]
[White "Richards, Heather S"]
[Black "Zatonskih, Anna"]
[Result "1/2-1/2"]
[WhiteElo "2146"]
[BlackElo "2383"]
[Annotator "RC"]
[PlyCount "62"]
[EventDate "2022.07.29"]
[EventType "team-tourn"]
[EventCountry "IND"]
[SourceTitle "playchess.com"]
[Source "ChessBase"]
[SourceQuality "1"]
[WhiteTeam "Australia"]
[BlackTeam "United States"]
[WhiteTeamCountry "AUS"]
[BlackTeamCountry "USA"]

1. d4 Nf6 2. Nc3 d5 3. Bf4 e6 4. Nb5 Bb4+ 5. c3 Ba5 6. e3 O-O 7. Bd3 Nbd7 8. g4
a6 9. Na3 Qe7 10. g5 Ne8 11. Nf3 c5 12. Qc2 g6 13. h4 c4 14. Be2 b5 15. h5 b4
16. Nb1 e5 17. dxe5 Nc5 18. Nd4 Bd7 19. f3 Ng7 20. cxb4 Bxb4+ 21. Nc3 Bf5 22.
Qd2 Qd7 23. Kf2 Bd3 24. Kg3 Nxh5+ 25. Rxh5 gxh5 26. Bxd3 Nxd3 27. Rh1 Rae8 28.
Qh2 Bxc3 29. bxc3 Nxe5 30. Qxh5 f5 31. gxf6 Ng6 1/2-1/2

[Event "44th Chess Olympiad Women 2022"]
[Site "Chennai"]
[Date "2022.08.01"]
[Round "4.12"]
[White "Mkrtchian, Lilit"]
[Black "Kanyamarala, Trisha"]
[Result "1-0"]
[WhiteElo "2362"]
[BlackElo "2270"]
[Annotator "RC"]
[PlyCount "119"]
[EventDate "2022.07.29"]
[EventType "team-tourn"]
[EventCountry "IND"]
[SourceTitle "playchess.com"]
[Source "ChessBase"]
[SourceQuality "1"]
[WhiteTeam "Armenia"]
[BlackTeam "Ireland"]
[WhiteTeamCountry "ARM"]
[BlackTeamCountry "IRL"]

1. d4 Nf6 2. Nf3 d5 3. g3 c5 4. Bg2 cxd4 5. O-O h6 6. b3 e6 7. Bb2 Bc5 8. Nxd4
O-O 9. c4 e5 10. Nf3 e4 11. Nd4 Re8 12. cxd5 Nxd5 13. Nc3 Nf6 14. Na4 Be7 15.
Rc1 Bg4 16. h3 Bd7 17. Nc5 Bxc5 18. Rxc5 Na6 19. Rc1 Rc8 20. Nc2 Rc6 21. Ne3
Rxc1 22. Qxc1 Qe7 23. Rd1 Be6 24. Bxf6 Qxf6 25. Bxe4 Bxh3 26. Bxb7 Nb4 27. Qd2
Qb6 28. Bf3 Be6 29. Nc4 Qb8 30. a3 Na6 31. Na5 Nc5 32. b4 Nb3 33. Nxb3 Bxb3 34.
Rc1 Rd8 35. Qc3 Rd1+ 36. Rxd1 Bxd1 37. Qc6 Qd8 38. Kf1 Bb3 39. Qa8 Qxa8 40.
Bxa8 Kf8 41. f4 Ke7 42. Kf2 Kd6 43. Bf3 g5 44. fxg5 hxg5 45. Ke3 Ke5 46. Kd3 f5
47. Bg2 Be6 48. e3 Bf7 49. Kc3 Be6 50. a4 Bf7 51. b5 Be6 52. a5 Bc8 53. b6 axb6
54. axb6 f4 55. exf4+ gxf4 56. g4 f3 57. Bxf3 Kf4 58. Kd4 Kxf3 59. g5 Kf4 60.
g6 1-0

[Event "44th Chess Olympiad Women 2022"]
[Site "Chennai"]
[Date "2022.08.01"]
[Round "4.12"]
[White "O`Gorman, Alice"]
[Black "Sargsyan, Anna M."]
[Result "0-1"]
[WhiteElo "2043"]
[BlackElo "2378"]
[Annotator "RC"]
[PlyCount "54"]
[EventDate "2022.07.29"]
[EventType "team-tourn"]
[EventCountry "IND"]
[SourceTitle "playchess.com"]
[Source "ChessBase"]
[SourceQuality "1"]
[WhiteTeam "Ireland"]
[BlackTeam "Armenia"]
[WhiteTeamCountry "IRL"]
[BlackTeamCountry "ARM"]

1. c4 e5 2. Nc3 Nf6 3. g3 Bb4 4. e4 O-O 5. Bg2 Bxc3 6. dxc3 d6 7. Bd2 b6 8. Qe2
Bb7 9. O-O-O Nbd7 10. g4 Nc5 11. f3 b5 12. Be3 Nfd7 13. cxb5 a6 14. b6 a5 15.
bxc7 Qxc7 16. Qd2 Ra6 17. Ne2 Rb8 18. Qe1 Rb6 19. Kb1 Ba6 20. Bc1 Qb7 21. Rd2
Nd3 22. Qg1 Nxb2 23. Qxb6 Nxb6 24. Rxb2 Bxe2 25. Rxe2 Na4+ 26. Kc2 Qb1+ 27. Kd2
Rc8 0-1

[Event "44th Chess Olympiad Women 2022"]
[Site "Chennai"]
[Date "2022.08.01"]
[Round "4.13"]
[White "Vega Gutierrez, Sabrina"]
[Black "Corrales Jimenez, Zenia"]
[Result "1-0"]
[WhiteElo "2366"]
[BlackElo "2143"]
[Annotator "RC"]
[PlyCount "69"]
[EventDate "2022.07.29"]
[EventType "team-tourn"]
[EventCountry "IND"]
[SourceTitle "playchess.com"]
[Source "ChessBase"]
[SourceQuality "1"]
[WhiteTeam "Spain"]
[BlackTeam "Mexico"]
[WhiteTeamCountry "ESP"]
[BlackTeamCountry "MEX"]

1. e4 c5 2. Nf3 Nc6 3. d4 cxd4 4. Nxd4 Nf6 5. Nc3 d6 6. Be2 g6 7. O-O Bg7 8.
Nb3 O-O 9. Re1 Be6 10. Bf1 d5 11. Nc5 d4 12. Nxe6 fxe6 13. Nb1 Rc8 14. Nd2 h6
15. e5 Nd7 16. Bc4 Ndxe5 17. Bxe6+ Kh7 18. Bxc8 Qxc8 19. a3 Qf5 20. Ne4 Nc4 21.
Qe2 Qd5 22. Qd3 Nd6 23. Nxd6 Qxd6 24. Bd2 Rf5 25. Re4 Qf6 26. f4 Qd6 27. Rae1
e5 28. Rf1 Rf7 29. fxe5 Rxf1+ 30. Qxf1 Nxe5 31. Qb5 Qc7 32. Bf4 d3 33. cxd3 a6
34. Qb4 g5 35. Rxe5 1-0

[Event "44th Chess Olympiad Women 2022"]
[Site "Chennai"]
[Date "2022.08.01"]
[Round "4.13"]
[White "Garcia Martin, Marta"]
[Black "Guillen Cristobal, Sandra N"]
[Result "1-0"]
[WhiteElo "2305"]
[BlackElo "1962"]
[Annotator "RC"]
[PlyCount "95"]
[EventDate "2022.07.29"]
[EventType "team-tourn"]
[EventCountry "IND"]
[SourceTitle "playchess.com"]
[Source "ChessBase"]
[SourceQuality "1"]
[WhiteTeam "Spain"]
[BlackTeam "Mexico"]
[WhiteTeamCountry "ESP"]
[BlackTeamCountry "MEX"]

1. d4 f5 2. Nc3 Nf6 3. Bf4 g6 4. e3 Bg7 5. h4 d6 6. Bc4 Nc6 7. h5 e5 8. dxe5
Nxe5 9. Bb3 gxh5 10. Nge2 Qe7 11. Bg5 c6 12. Nf4 Bd7 13. Nxh5 O-O-O 14. Qd4 b6
15. O-O-O Be8 16. Nxg7 Qxg7 17. Qh4 Rf8 18. Bh6 Qe7 19. Bxf8 Qxf8 20. Be6+ Bd7
21. Bxd7+ Rxd7 22. Qf4 Ne8 23. Rh5 Rf7 24. Rdh1 Nc7 25. Rxh7 Kb7 26. Rxf7 Qxf7
27. e4 Qc4 28. Qd2 Nb5 29. Nxb5 Qxb5 30. exf5 Nc4 31. Qc3 Qc5 32. Kb1 b5 33. f6
Qxf2 34. b3 Nd2+ 35. Kc1 Ne4 36. Qd3 Qf4+ 37. Kb1 Nd2+ 38. Kb2 Qxf6+ 39. Qc3
Qf2 40. Rh7+ Kb6 41. Qg7 Ka5 42. Qxa7+ Qxa7 43. Rg7 Qb7 44. Rxb7 Kb4 45. Re7 d5
46. g4 Nf3 47. Rf7 Ng5 48. Rf5 1-0

[Event "44th Chess Olympiad Women 2022"]
[Site "Chennai"]
[Date "2022.08.01"]
[Round "4.14"]
[White "Foudzi, Siti Zulaikha"]
[Black "Houska, Jovanka"]
[Result "1/2-1/2"]
[WhiteElo "2188"]
[BlackElo "2360"]
[Annotator "RC"]
[PlyCount "103"]
[EventDate "2022.07.29"]
[EventType "team-tourn"]
[EventCountry "IND"]
[SourceTitle "playchess.com"]
[Source "ChessBase"]
[SourceQuality "1"]
[WhiteTeam "Malaysia"]
[BlackTeam "England"]
[WhiteTeamCountry "MAS"]
[BlackTeamCountry "ENG"]

1. e4 c6 2. d4 d5 3. exd5 cxd5 4. Bd3 Nc6 5. c3 Qc7 6. Ne2 Bg4 7. f3 Bd7 8. Na3
a6 9. Qb3 Nf6 10. O-O Na5 11. Qc2 e6 12. Bf4 Bd6 13. Bxd6 Qxd6 14. b4 b5 15.
Qd2 Nb7 16. Rae1 Qc7 17. g4 h6 18. Ng3 Nd6 19. Qf4 Kf8 20. h4 a5 21. Nc2 Nfe8
22. Ne2 Kg8 23. Rf2 g6 24. Rg2 Kg7 25. Qe5+ f6 26. Qg3 g5 27. f4 Nf7 28. Rh2
axb4 29. Nxb4 Ra3 30. Bb1 gxh4 31. Qd3 Kf8 32. Rxh4 Rg8 33. Kf2 Ned6 34. Qf3
Bc8 35. Rc1 Bb7 36. Ng3 Ke7 37. Qe3 Nc4 38. Qf3 Nd2 39. Qe3 Nxb1 40. Rxb1 Rxc3
41. Nd3 Qc4 42. Rb3 Rc2+ 43. Kf3 e5 44. Nf5+ Kd8 45. fxe5 fxe5 46. Nxh6 Ng5+
47. Kg3 Ne4+ 48. Kh3 Ng5+ 49. Kg3 Ne4+ 50. Kh3 Ng5+ 51. Kg3 Ne4+ 52. Kh3
1/2-1/2

[Event "44th Chess Olympiad Women 2022"]
[Site "Chennai"]
[Date "2022.08.01"]
[Round "4.15"]
[White "Hng, Mei-En Emmanuelle"]
[Black "Repkova, Eva"]
[Result "1/2-1/2"]
[WhiteElo "1997"]
[BlackElo "2303"]
[Annotator "RC"]
[PlyCount "88"]
[EventDate "2022.07.29"]
[EventType "team-tourn"]
[EventCountry "IND"]
[SourceTitle "playchess.com"]
[Source "ChessBase"]
[SourceQuality "1"]
[WhiteTeam "SGP"]
[BlackTeam "Slovakia"]
[BlackTeamCountry "SVK"]

1. e4 e5 2. Bc4 Nc6 3. Nf3 Bc5 4. c3 Nf6 5. d4 exd4 6. cxd4 Bb4+ 7. Nbd2 Nxe4
8. O-O Bxd2 9. Bxd2 d5 10. Bb5 O-O 11. Bxc6 bxc6 12. Ne5 Ba6 13. Re1 c5 14. f3
Nxd2 15. Qxd2 Qd6 16. Rac1 c4 17. Re3 f6 18. Ng4 Rab8 19. b3 h5 20. Nf2 Rfe8
21. Nh3 Rxe3 22. Qxe3 Bb5 23. Nf4 Re8 24. Qd2 h4 25. a4 Ba6 26. bxc4 Bxc4 27.
g3 hxg3 28. hxg3 g5 29. Nh5 Re2 30. Qc3 Qe6 31. g4 Qd6 32. f4 gxf4 33. Qf3 Re3
34. Qf2 Kf7 35. Re1 Qe6 36. Rxe3 fxe3 37. Qf4 Kg6 38. Qg3 Qe4 39. Nf4+ Kf7 40.
Ng2 Qxd4 41. Qxc7+ Kf8 42. Qd8+ Kf7 43. Qc7+ Kg8 44. Qd8+ Kg7 1/2-1/2

[Event "44th Chess Olympiad Women 2022"]
[Site "Chennai"]
[Date "2022.08.01"]
[Round "4.16"]
[White "Pilsova, Karolina"]
[Black "Demchenko, Svitlana"]
[Result "1/2-1/2"]
[WhiteElo "2230"]
[BlackElo "2122"]
[Annotator "RC"]
[PlyCount "119"]
[EventDate "2022.07.29"]
[EventType "team-tourn"]
[EventCountry "IND"]
[SourceTitle "playchess.com"]
[Source "ChessBase"]
[SourceQuality "1"]
[WhiteTeam "Czech Republic"]
[BlackTeam "Canada"]
[WhiteTeamCountry "CZE"]
[BlackTeamCountry "CAN"]

1. Nf3 f5 2. d3 Nf6 3. e4 d6 4. e5 Ng4 5. exd6 cxd6 6. d4 g6 7. Bc4 Bg7 8. O-O
d5 9. Bb3 O-O 10. Nc3 e6 11. Bg5 Nf6 12. Ne2 h6 13. Bxf6 Qxf6 14. Nf4 Nc6 15.
c3 Kh7 16. Re1 Bd7 17. Ba4 Rae8 18. Bxc6 Bxc6 19. Ne5 g5 20. Nh5 Qe7 21. Nxg7
Qxg7 22. Qd3 Rf6 23. Ng4 Rg6 24. Ne5 Rf6 25. Re2 Kg8 26. f4 Re7 27. Rae1 Be8
28. Rf2 Kh8 29. Re3 Qg8 30. Rg3 Rg7 31. Qd2 g4 32. Qe1 h5 33. h4 Bb5 34. Rd2
Qc8 35. Re3 Rc7 36. Qa1 Kg8 37. Qe1 Rf8 38. Qf2 Kg7 39. Rg3 Kf6 40. Qe1 Re8 41.
Rd1 b6 42. Ra1 a5 43. Qd1 Ba6 44. Qb3 Qb7 45. a3 Rec8 46. Re3 Re7 47. Rae1 Qc7
48. Qc2 Qd6 49. Qf2 Bb5 50. Qg3 Rcc7 51. Kh1 Ba6 52. Qf2 Bb5 53. Qc2 Rc8 54.
Qb3 Ba6 55. Qa4 Bb7 56. Qb5 Ra8 57. Kg1 Ba6 58. Qa4 Bb7 59. Kh2 Rc8 60. Qb5
1/2-1/2

[Event "44th Chess Olympiad Women 2022"]
[Site "Chennai"]
[Date "2022.08.01"]
[Round "4.16"]
[White "Mills, Morgen"]
[Black "Petrova, Kristyna"]
[Result "1-0"]
[WhiteElo "1993"]
[BlackElo "2238"]
[Annotator "RC"]
[PlyCount "119"]
[EventDate "2022.07.29"]
[EventType "team-tourn"]
[EventCountry "IND"]
[SourceTitle "playchess.com"]
[Source "ChessBase"]
[SourceQuality "1"]
[WhiteTeam "Canada"]
[BlackTeam "Czech Republic"]
[WhiteTeamCountry "CAN"]
[BlackTeamCountry "CZE"]

1. e4 c5 2. Nf3 d6 3. Bb5+ Nd7 4. d4 cxd4 5. Qxd4 a6 6. Bxd7+ Bxd7 7. O-O e5 8.
Qd3 h6 9. c4 Nf6 10. Nc3 Be7 11. b3 O-O 12. a4 Be6 13. Rd1 Qc7 14. h3 Rac8 15.
Be3 Nd7 16. Nd5 Bxd5 17. Qxd5 Qc6 18. Qxc6 Rxc6 19. Ne1 Bg5 20. Bxg5 hxg5 21.
Nd3 Rb6 22. Rab1 a5 23. f3 Rc8 24. Kf2 f6 25. Rdc1 Kf7 26. Rc3 Nf8 27. Ne1 Ne6
28. Nc2 Nc5 29. Na3 Rb4 30. Ke2 g6 31. Kd2 f5 32. Nb5 Rc6 33. Kc2 Ke7 34. Re1
Ne6 35. g3 Rc8 36. Rd1 fxe4 37. fxe4 Rf8 38. Rd2 Nc5 39. Re3 Rf1 40. Nxd6 Ne6
41. Nb5 Rh1 42. Rd5 Nd4+ 43. Nxd4 exd4 44. Rxd4 Rxh3 45. Rd5 g4 46. Rg5 Rb6 47.
Rxg4 Rf6 48. e5 Re6 49. Rd4 b6 50. Kd3 Rh1 51. Ke4 Rc1 52. Kf4 Rf1+ 53. Ke4 Rc1
54. g4 Rf1 55. Rd5 Rf8 56. Rf3 Rc8 57. Kd4 Rh8 58. Ke4 Rc8 59. Rfd3 Rc7 60. Rd6
1-0

[Event "44th Chess Olympiad Women 2022"]
[Site "Chennai"]
[Date "2022.08.01"]
[Round "4.17"]
[White "Vo, Thi Kim Phung"]
[Black "Gomez Barrera, Javiera Belen"]
[Result "1-0"]
[WhiteElo "2333"]
[BlackElo "2210"]
[Annotator "RC"]
[PlyCount "101"]
[EventDate "2022.07.29"]
[EventType "team-tourn"]
[EventCountry "IND"]
[SourceTitle "playchess.com"]
[Source "ChessBase"]
[SourceQuality "1"]
[WhiteTeam "Vietnam"]
[BlackTeam "Chile"]
[WhiteTeamCountry "VIE"]
[BlackTeamCountry "CHI"]

1. d4 Nf6 2. c4 g6 3. Nc3 d5 4. cxd5 Nxd5 5. e4 Nxc3 6. bxc3 Bg7 7. Bc4 c5 8.
Ne2 Nc6 9. Be3 O-O 10. O-O b6 11. Bd5 Bb7 12. dxc5 e6 13. Bxc6 Qxd1 14. Rfxd1
Bxc6 15. cxb6 axb6 16. f3 Bb5 17. Nd4 Bc4 18. a4 Ra6 19. Rab1 Rc8 20. Nc6 Kf8
21. Rd6 Ke8 22. Rbd1 Raa8 23. Bxb6 Bb3 24. Rd8+ Rxd8 25. Rxd8+ Rxd8 26. Nxd8
Bxa4 27. c4 Bd4+ 28. Bxd4 Kxd8 29. Bf6+ Kd7 30. e5 Kc6 31. Be7 Bb3 32. c5 Kd5
33. Bd6 Ba4 34. Kf2 Kd4 35. Kg3 Bc6 36. Kf4 h6 37. h4 Bb7 38. Bf8 g5+ 39. hxg5
hxg5+ 40. Kxg5 Kxe5 41. Bd6+ Kd5 42. Kf6 Kc6 43. Kxf7 Kd7 44. Kf6 Bd5 45. Be5
Ke8 46. g4 Bxf3 47. g5 Bg4 48. g6 Bf5 49. c6 Be4 50. g7 Bh7 51. c7 1-0

[Event "44th Chess Olympiad Women 2022"]
[Site "Chennai"]
[Date "2022.08.01"]
[Round "4.18"]
[White "Zimina, Olga"]
[Black "Otazo Sanchez, Annyd Gabriela"]
[Result "1-0"]
[WhiteElo "2340"]
[BlackElo "1932"]
[Annotator "RC"]
[PlyCount "92"]
[EventDate "2022.07.29"]
[EventType "team-tourn"]
[EventCountry "IND"]
[SourceTitle "playchess.com"]
[Source "ChessBase"]
[SourceQuality "1"]
[WhiteTeam "Italy"]
[BlackTeam "Venezuela"]
[WhiteTeamCountry "ITA"]
[BlackTeamCountry "VEN"]

1. d4 Nf6 2. Nf3 g6 3. Nc3 Bg7 4. e4 d6 5. Be3 O-O 6. h3 e5 7. dxe5 dxe5 8. Bc4
Qe7 9. O-O c6 10. a4 Nbd7 11. Qc1 Nb6 12. Bd3 Re8 13. a5 Nbd7 14. Na4 Nf8 15.
Rd1 Qc7 16. b4 Ne6 17. Nc5 Nh5 18. Bf1 Nhf4 19. Ra3 h6 20. Kh2 Kh7 21. g3 Nh5
22. Rad3 b6 23. Rd7 Bxd7 24. Rxd7 Qb8 25. Nxe6 fxe6 26. Bxh6 Rf8 27. Ng5+ Kxh6
28. Nxe6+ Kh7 29. Qg5 Qe8 30. Re7 Rxf2+ 31. Kg1 Rxf1+ 32. Kxf1 Qg8 33. g4 Rf8+
34. Kg1 Rf7 35. gxh5 gxh5 36. Qxh5+ Bh6+ 37. Ng5+ Qxg5+ 38. Qxg5 Bxg5 39. Rxf7+
Kg6 40. Rxa7 bxa5 41. Rxa5 Be3+ 42. Kg2 Bd4 43. Ra6 Kg5 44. Rxc6 Kf4 45. b5
Kxe4 46. b6 Kd5 1-0

[Event "44th Chess Olympiad Women 2022"]
[Site "Chennai"]
[Date "2022.08.01"]
[Round "4.18"]
[White "Varela La Madrid, Tilsia Carolina"]
[Black "Brunello, Marina"]
[Result "0-1"]
[WhiteElo "2079"]
[BlackElo "2341"]
[Annotator "RC"]
[PlyCount "55"]
[EventDate "2022.07.29"]
[EventType "team-tourn"]
[EventCountry "IND"]
[SourceTitle "playchess.com"]
[Source "ChessBase"]
[SourceQuality "1"]
[WhiteTeam "Venezuela"]
[BlackTeam "Italy"]
[WhiteTeamCountry "VEN"]
[BlackTeamCountry "ITA"]

1. e4 c5 2. Nf3 d6 3. Bb5+ Nd7 4. c4 Ngf6 5. Nc3 e6 6. O-O Qc7 7. h3 Be7 8. Ba4
O-O 9. Qe2 a6 10. d4 cxd4 11. Nxd4 Nb6 12. Bb3 Bd7 13. Be3 Rac8 14. Rac1 Rfe8
15. Nb1 Nxe4 16. Nxe6 Bxe6 17. Bxb6 Qxb6 18. Qxe4 Bg5 19. Rce1 Bf6 20. Nc3 Bxc3
21. bxc3 Rc5 22. Qd4 Qc7 23. Re3 Rd8 24. Rfe1 a5 25. Re4 Rf8 26. a3 b5 27. Re5
Bxc4 28. Bxc4 0-1

[Event "44th Chess Olympiad Women 2022"]
[Site "Chennai"]
[Date "2022.08.01"]
[Round "4.19"]
[White "Pipiras, Filipa Fortuna"]
[Black "Unuk, Laura"]
[Result "1/2-1/2"]
[WhiteElo "2139"]
[BlackElo "2340"]
[Annotator "RC"]
[PlyCount "62"]
[EventDate "2022.07.29"]
[EventType "team-tourn"]
[EventCountry "IND"]
[SourceTitle "playchess.com"]
[Source "ChessBase"]
[SourceQuality "1"]
[WhiteTeam "Portugal"]
[BlackTeam "Slovenia"]
[WhiteTeamCountry "POR"]
[BlackTeamCountry "SLO"]

1. d4 Nf6 2. c4 e6 3. Nc3 Bb4 4. Qc2 d5 5. a3 Bxc3+ 6. Qxc3 Ne4 7. Qc2 c5 8.
dxc5 Nc6 9. Nf3 Qa5+ 10. Bd2 Qxc5 11. e3 a5 12. Rc1 Qe7 13. cxd5 exd5 14. Bb5
O-O 15. O-O Bg4 16. Nd4 Rfc8 17. Bxc6 Bd7 18. b4 bxc6 19. f3 Nxd2 20. Qxd2 axb4
21. axb4 Ra4 22. Rc5 Rb8 23. Nxc6 Bxc6 24. Rxc6 Raxb4 25. Rfc1 h5 26. Qd3 g6
27. R6c5 Rb3 28. R5c3 Rxc3 29. Qxc3 Re8 30. Rd1 Qxe3+ 31. Qxe3 Rxe3 1/2-1/2

[Event "44th Chess Olympiad Women 2022"]
[Site "Chennai"]
[Date "2022.08.01"]
[Round "4.20"]
[White "Tsolakidou, Stavroula"]
[Black "Cordero, Daniela"]
[Result "1-0"]
[WhiteElo "2362"]
[BlackElo "2005"]
[Annotator "RC"]
[PlyCount "63"]
[EventDate "2022.07.29"]
[EventType "team-tourn"]
[EventCountry "IND"]
[SourceTitle "playchess.com"]
[Source "ChessBase"]
[SourceQuality "1"]
[WhiteTeam "Greece"]
[BlackTeam "Bolivia"]
[WhiteTeamCountry "GRE"]
[BlackTeamCountry "BOL"]

1. e4 e6 2. d4 d5 3. Nc3 Nf6 4. Bg5 Bb4 5. e5 h6 6. Bh4 g5 7. Bg3 Ne4 8. Nge2
Nxc3 9. Nxc3 c5 10. a3 Bxc3+ 11. bxc3 Qa5 12. Qd2 Nc6 13. dxc5 h5 14. h4 g4 15.
Bf4 Qxc5 16. Bg5 f5 17. exf6 Kf7 18. Rb1 b6 19. Bh6 Bb7 20. Bg7 Ne5 21. Bxh8
Rxh8 22. Be2 g3 23. fxg3 Ng4 24. Bxg4 hxg4 25. Rb4 Rg8 26. h5 e5 27. h6 e4 28.
h7 Rh8 29. Rxe4 dxe4 30. Qd7+ Kg6 31. Qg7+ Kf5 32. Rh5+ 1-0

[Event "44th Chess Olympiad Women 2022"]
[Site "Chennai"]
[Date "2022.08.01"]
[Round "4.20"]
[White "Ramirez, Maria Eugenia"]
[Black "Avramidou, Anastasia"]
[Result "0-1"]
[WhiteElo "2005"]
[BlackElo "2274"]
[Annotator "RC"]
[PlyCount "119"]
[EventDate "2022.07.29"]
[EventType "team-tourn"]
[EventCountry "IND"]
[SourceTitle "playchess.com"]
[Source "ChessBase"]
[SourceQuality "1"]
[WhiteTeam "Bolivia"]
[BlackTeam "Greece"]
[WhiteTeamCountry "BOL"]
[BlackTeamCountry "GRE"]

1. e4 c5 2. Na3 b6 3. g3 Bb7 4. Bg2 Nf6 5. Qe2 d6 6. c3 g6 7. Nh3 Bg7 8. O-O
O-O 9. d3 Nc6 10. f4 e6 11. Nc2 b5 12. Be3 a5 13. Rad1 b4 14. c4 Nd7 15. d4
cxd4 16. Nxd4 Nxd4 17. Bxd4 Bxd4+ 18. Rxd4 Qb6 19. Qf2 e5 20. Rd2 Qc7 21. Qe2
exf4 22. gxf4 Rfe8 23. f5 Qc5+ 24. Kh1 Qe5 25. Ng5 f6 26. Ne6 Rac8 27. Nf4 g5
28. Nd5 Rc5 29. Rfd1 Bxd5 30. Rxd5 Rxd5 31. Rxd5 Qf4 32. Qd2 Rxe4 33. Qxf4 Rxf4
34. Rxd6 Nc5 35. Bd5+ Kg7 36. Rc6 Nd3 37. Rc7+ Kh6 38. Bg8 Kh5 39. Re7 Kg4 40.
h3+ Kf3 41. Bd5+ Kf2 42. Kh2 Rh4 43. Bg2 Nf4 44. Rd7 Nxg2 45. Rd2+ Kf3 46. Rxg2
Rxc4 47. Rg3+ Ke4 48. Rg4+ Kd3 49. Rg3+ Kc2 50. b3 Rc3 51. Rg4 Kb2 52. h4 h6
53. Rd4 Rc5 54. Kg3 Kxa2 55. Kg4 Kxb3 56. Rd6 Rc4+ 57. Kh5 Rxh4+ 58. Kg6 a4 59.
Kxf6 a3 60. Ke5 0-1